Pokémon di tipo Normale - Statistics

Statistiche generali
  • Questo quiz è stato fatto 18 volte
  • Il punteggio medio è 94 su 153
Statistiche sulle risposte
Numero Pokédex Nazionale Tipo Tipo Pokémon % Corretto
133 Normale Normale Eevee
100%
133 Normale Normale Eevee Gigamax
100%
113 Normale Normale Chansey
92%
132 Normale Normale Ditto
92%
22 Normale Volante Fearow
92%
18 Normale Volante MegaPidgeot
92%
18 Normale Volante Pidgeot
92%
17 Normale Volante Pidgeotto
92%
16 Normale Volante Pidgey
92%
20 Normale Normale Raticate
92%
20 Buio Normale Raticate (Forma di Alola)
92%
19 Normale Normale Rattata
92%
19 Buio Normale Rattata (Forma di Alola)
92%
143 Normale Normale Snorlax
92%
143 Normale Normale Snorlax Gigamax
92%
21 Normale Volante Spearow
92%
128 Normale Normale Tauros
92%
242 Normale Normale Blissey
83%
295 Normale Normale Exploud
83%
162 Normale Normale Furret
83%
203 Normale Psico Girafarig
83%
440 Normale Normale Happiny
83%
163 Normale Volante Hoothoot
83%
39 Normale Folletto Jigglypuff
83%
463 Normale Normale Lickilicky
83%
108 Normale Normale Lickitung
83%
264 Normale Normale Linoone
83%
264 Buio Normale Linoone (Forma di Galar)
83%
52 Normale Normale Meowth
83%
52 Normale Normale Meowth Gigamax
83%
164 Normale Volante Noctowl
83%
53 Normale Normale Persian
83%
137 Normale Normale Porygon
83%
233 Normale Normale Porygon2
83%
474 Normale Normale Porygon-Z
83%
161 Normale Normale Sentret
83%
277 Normale Volante Swellow
83%
276 Normale Volante Taillow
83%
40 Normale Folletto Wigglytuff
83%
263 Normale Normale Zigzagoon
83%
263 Buio Normale Zigzagoon (Forma di Galar)
83%
298 Normale Folletto Azurill
75%
400 Normale Acqua Bibarel
75%
399 Normale Normale Bidoof
75%
85 Normale Volante Dodrio
75%
84 Normale Volante Doduo
75%
83 Normale Volante Farfetch'd
75%
115 Normale Normale Kangaskhan
75%
294 Normale Normale Loudred
75%
115 Normale Normale MegaKangaskhan
75%
241 Normale Normale Miltank
75%
519 Normale Volante Pidove
75%
398 Normale Volante Staraptor
75%
397 Normale Volante Staravia
75%
396 Normale Volante Starly
75%
520 Normale Volante Tranquill
75%
293 Normale Normale Whismur
75%
493 Normale Normale Arceus (Normale)
67%
427 Normale Normale Buneary
67%
661 Normale Volante Fletchling
67%
174 Normale Folletto Igglybuff
67%
428 Normale Normale Lopunny
67%
428 Normale Lotta MegaLopunny
67%
486 Normale Normale Regigigas
67%
234 Normale Normale Stantler
67%
216 Normale Normale Teddiursa
67%
521 Normale Volante Unfezant
67%
217 Normale Normale Ursaring
67%
531 Normale Normale Audino
58%
628 Normale Volante Braviary
58%
659 Normale Normale Bunnelby
58%
351 Normale Normale Castform (Forma Castform)
58%
441 Normale Volante Chatot
58%
660 Normale Terra Diggersby
58%
431 Normale Normale Glameow
58%
695 Elettro Normale Heliolisk
58%
694 Elettro Normale Helioptile
58%
507 Normale Normale Herdier
58%
506 Normale Normale Lillipup
58%
667 Fuoco Normale Litleo
58%
531 Normale Folletto MegaAudino
58%
648 Normale Psico Meloetta (Forma Canto)
58%
648 Normale Lotta Meloetta (Forma Danza)
58%
862 Buio Normale Obstagoon
58%
504 Normale Normale Patrat
58%
432 Normale Normale Purugly
58%
668 Fuoco Normale Pyroar
58%
627 Normale Volante Rufflet
58%
289 Normale Normale Slaking
58%
287 Normale Normale Slakoth
58%
235 Normale Normale Smeargle
58%
327 Normale Normale Spinda
58%
508 Normale Normale Stoutland
58%
901 Terra Normale Ursaluna
58%
901 Terra Normale Ursaluna (Luna Cremisi)
58%
288 Normale Normale Vigoroth
58%
899 Normale Psico Wyrdeer
58%
190 Normale Normale Aipom
50%
424 Normale Normale Ambipom
50%
760 Normale Lotta Bewear
50%
301 Normale Normale Delcatty
50%
206 Normale Normale Dunsparce
50%
981 Normale Psico Farigiraf
50%
735 Normale Normale Gumshoos
50%
352 Normale Normale Kecleon
50%
446 Normale Normale Munchlax
50%
765 Normale Psico Oranguru
50%
773 Normale Normale Silvally (Tipo Normale)
50%
300 Normale Normale Skitty
50%
819 Normale Normale Skwovet
50%
505 Normale Normale Watchog
50%
734 Normale Normale Yungoos
50%
930 Erba Normale Arboliva
42%
626 Normale Normale Bouffalant
42%
573 Normale Normale Cinccino
42%
929 Erba Normale Dolliv
42%
780 Normale Drago Drampa
42%
945 Veleno Normale Grafaiai
42%
820 Normale Normale Greedent
42%
876 Psico Normale Indeedee (Femmina)
42%
876 Psico Normale Indeedee (Maschio)
42%
572 Normale Normale Minccino
42%
731 Normale Volante Pikipek
42%
944 Veleno Normale Shroodle
42%
928 Erba Normale Smoliv
42%
931 Normale Volante Squawkabilly (Piume Azzurre)
42%
931 Normale Volante Squawkabilly (Piume Bianche)
42%
931 Normale Volante Squawkabilly (Piume Gialle)
42%
931 Normale Volante Squawkabilly (Piume Verdi)
42%
759 Normale Lotta Stufful
42%
333 Normale Volante Swablu
42%
772 Normale Normale Tipo Zero
42%
733 Normale Volante Toucannon
42%
732 Normale Volante Trumbeak
42%
831 Normale Normale Wooloo
42%
335 Normale Normale Zangoose
42%
571 Normale Spettro Zoroark (Forma di Hisui)
42%
570 Normale Spettro Zorua (Forma di Hisui)
42%
967 Drago Normale Cyclizar
33%
585 Normale Erba Deerling
33%
832 Normale Normale Dubwool
33%
676 Normale Normale Furfrou
33%
915 Normale Normale Lechonk
33%
586 Normale Erba Sawsbuck
33%
982 Normale Normale Dudunsparce
25%
775 Normale Normale Komala
25%
916 Normale Normale Oinkologne (Femmina)
25%
916 Normale Normale Oinkologne (Maschio)
25%
1024 Normale Normale Terapagos (Forma Astrale)
25%
1024 Normale Normale Terapagos (Forma Normale)
25%
1024 Normale Normale Terapagos (Forma Teracristal)
25%
925 Normale Normale Maushold
17%
924 Normale Normale Tandemaus
17%
Nessun quiz corrispondente trovato
Distribuzione punteggi
Percentuale di utenti per punteggio
Percentile per numero di risposta
I tuoi punteggi nel tempo
Non hai fatto questo quiz